Loading...
| Fine Arts - Classical Music | 3 | 3.33 | 0% | 267% | 0% |
| History - European | 3 | 6.67 | 2,700% | 300% | 0% |
| History - Other | 1 | 10.00 | 0% | 0% | 900% |
| History - World | 1 | 10.00 | 0% | 0% | 800% |
| Literature - British | 3 | 16.67 | 3,267% | 533% | 233% |
| Literature - European | 2 | 5.00 | 0% | 0% | 450% |
| Literature - World | 1 | 20.00 | 0% | 800% | 800% |
| Mythology | 2 | 10.00 | 0% | 0% | 800% |
| Philosophy | 1 | 10.00 | 0% | 0% | 900% |
| Religion | 4 | 7.50 | 0% | 375% | 175% |
| Science - Biology | 3 | 13.33 | 2,700% | 0% | 900% |
| Science - Chemistry | 2 | 5.00 | 2,450% | 0% | 0% |
| Science - Other | 2 | 10.00 | 2,450% | 0% | 450% |
| Social Science | 4 | 7.50 | 1,600% | 200% | 175% |